000
003150000a22001450004500
003
MACL
040
_a
MACL
090
_c
33737
_d
33735
100
_a
Wempen, Faithe
245
_a
Window XP Home Edition
260
_b
BP B Publications
_c
2001
350
_a
195
650
_a
Computer science
942
_c
BOOK
_k
005/Wem
999
_c
33386
_d
33386